| 000 | 00446nam a22001337a 4500 | ||
|---|---|---|---|
| 082 |
_a624.1762 _bNAP _cDon |
||
| 100 |
_aMardzanishvili, L.M _942954 |
||
| 245 |
_aTheorectical and esperimental analysis of members of earthquake-proof frame-panel buildings _cM A Mardzhanishvili |
||
| 260 |
_aNew Delhi _bOxonian Press Pvt Ltd _c1986 |
||
| 300 | _axi, 169 p. : | ||
| 526 |
_a0 _b0 _c0 _d624_176200000000000_NAP |
||
| 650 |
_aMCE _9379 |
||
| 942 |
_2ddc _cBK |
||
| 999 |
_c546762 _d546762 |
||